00354nam a2200145Ia 4500008004100000020001800041041000800059082001400067100002600081260003100107245003600138250000600174300000800180650002000188220805s9999 xx 000 0 und d a0-7134 6433 X aeng a746.92'03 aIreland, Patrick john aLondonbB T Batsfordc1987 aEncyclopedia of fashion details a1 a264 aFashion costume